000 01048nam0a22002531i 4500
001 rc\686979
005 20240723213833.0
035 _a(NLR Aleph) 005923901
090 _a6506354
_c6506354
100 _a20031121d1985 u |0rusy50 ca
101 0 _arus
102 _aRU
105 _ay |||||||||
200 1 _aГоголь в современном американском литературоведении
_e(Пробл. худож. метода и повествования)
_eАвтореф. дис. на соиск. учен. степ. канд. филол. наук
_e(10.01.01)
210 _aТомск
_d1985
215 _a21 с.
300 _aВ надзаг.: Том. гос. ун-т им. В.В. Куйбышева
320 _aБиблиогр.: с. 20-21 (6 назв.)
600 1 _aГоголь
_bН.В.
_gНиколай Васильевич
_2psbo
700 1 _aГураль
_bС.К.
_gСветлана Константиновна
801 0 _aRU
_bNLR
_gpsbo
801 1 _aRU
_bELAR
_2rusmarc
852 _aNLR
_j87-4/5280
942 _cBOOK